Top 20 Commonly Used Ingredients in Azerbaijani Cuisine - Statistics

General Stats
  • This quiz has been taken 44 times
  • The average score is 8 of 20
Answer Stats
Rank Ingredient % Correct
2 Beef
87%
1 Lamb
71%
9 Tomato
71%
7 Onion
68%
8 Garlic
53%
3 Rice
53%
18 Butter
45%
6 Chickpea
42%
11 Eggplant
37%
17 Yogurt
32%
10 Cucumber
29%
15 Parsley
26%
20 Pomegranate
26%
4 Saffron
26%
13 Mint
18%
5 Raisin
18%
16 Sumac
18%
14 Basil
13%
19 Walnut
13%
12 Dill
8%
No matching quizzes found
Score Distribution
Percent of People with Each Score
Percentile by Number Answered
Your Score History
You have not taken this quiz